IRRIGATION ENGINEERING (INCLUDING HYDROLOGY) (Record no. 5411)

MARC details
000 -LEADER
fixed length control field 00372nam a22001457a 4500
005 - DATE AND TIME OF LATEST TRANSACTION
control field 20170401170305.0
008 - FIXED-LENGTH DATA ELEMENTS--GENERAL INFORMATION
fixed length control field 170401b xxu||||| |||| 00| 0 eng d
020 ## - INTERNATIONAL STANDARD BOOK NUMBER
ISBN 978-81-2192-12-82
041 ## - LANGUAGE CODE
Language code of text/sound track or separate title eng
100 ## - MAIN ENTRY--AUTHOR NAME
Personal name SHARMA, R.K. AND SHARMA, T.K.
245 ## - TITLE STATEMENT
Title IRRIGATION ENGINEERING (INCLUDING HYDROLOGY)
260 ## - PUBLICATION, DISTRIBUTION, ETC. (IMPRINT)
Name of publisher S. CHAND
Year of publication 2002
300 ## - PHYSICAL DESCRIPTION
Number of Pages 732
942 ## - ADDED ENTRY ELEMENTS (KOHA)
Koha item type Books
Holdings
Lost status Damaged status Home library Current library Shelving location Date acquired Source of acquisition Cost, normal purchase price Full call number Accession Number Koha item type
    JRU Library   SHELF-6-C 01/04/2017 PURCHESS 595.00 626.8 21687 Books
    JRU Library   SHELF-43-D 01/04/2017 PURCHESS 595.00 626.8 21688 Books